书目信息 |
| 题名: |
西方美学通史
|
|
| 作者: | 蒋孔阳 , 朱立元 主编 ;范明生 著 | |
| 分册: | 第一卷 古希腊罗马美学 | |
| 出版信息: | 上海 上海文艺出版社 1999 |
|
| 页数: | 982页 | |
| 开本: | 20cm | |
| 丛书名: | ||
| 单 册: | ||
| 中图分类: | B83-091 | |
| 科图分类: | ||
| 主题词: | 美学 | |
| 电子资源: | ||
| ISBN: | 7-5321-1881-9 | |
| 000 | 00730nam0 2200229 45 | |
| 001 | 0206031478 | |
| 005 | 20031219104056.2 | |
| 010 | @a7-5321-1881-9@b精装@dCNY51.00 | |
| 100 | @a20020603d1999 km y0chiy0120 ea | |
| 101 | 0 | @achi |
| 105 | @a z 000yy | |
| 200 | 1 | @a西方美学通史@h第一卷@i古希腊罗马美学@AXi Fang Mei Xue Tong Shi@f蒋孔阳,朱立元主编@FJiang Kong Yang,Zhu Li Yuan Zhu Bian@g范明生著 |
| 210 | @a上海@c上海文艺出版社@d1999 | |
| 215 | @a982页@d20cm | |
| 517 | @a古希腊罗马美学@AGu Xi La Luo Ma Mei Xue | |
| 606 | 0 | @a美学 |
| 690 | @aB83-091@v4 | |
| 701 | 0 | @a蒋孔阳@4主编 |
| 701 | 0 | @a朱立元@4主编 |
| 702 | 0 | @a范明生@AFan Ming Sheng@4著 |
| 801 | @aCN@bTSTC@c20020603 | |
| 905 | @b311083-087@dB83-091@e161:1@f5 | |
| 西方美学通史.第一卷.古希腊罗马美学/蒋孔阳,朱立元主编/范明生著.-上海:上海文艺出版社,1999 |
| 982页;20cm |
| ISBN 7-5321-1881-9(精装):CNY51.00 |
| ● |
| 相关链接 |
|
|
|
|
正题名:西方美学通史
索取号:B83-091/161:1
 
预约/预借
| 序号 | 登录号 | 条形码 | 馆藏地/架位号 | 状态 | 备注 |
| 1 | 0311083 | 203110837 | 密集书库/ [索取号:B83-091/161:1] | 在馆 | |
| 2 | 0311084 | 203110846 | 密集书库/ [索取号:B83-091/161:1] | 在馆 | |
| 3 | 0311085 | 203110855 | 第一借阅区/ [索取号:B83-091/161:1] | 在馆 | |
| 4 | 0311086 | 203110864 | 教育系资料室/ [索取号:B83-091/161:1] | 在馆 | |
| 5 | 0311087 | 203110873 | 第一样本阅览室/ [索取号:B83-091/161:1] | 在馆 |